Drainage:an annotated guide to books and journals

সংরক্ষণ করুন:
গ্রন্থ-পঞ্জীর বিবরন
প্রধান লেখক: G Naber
বিন্যাস: গ্রন্থ
ভাষা:Undetermined
প্রকাশিত: The Netherland ILRI 1984
বিষয়গুলি:
ট্যাগগুলো: ট্যাগ যুক্ত করুন
কোনো ট্যাগ নেই, প্রথমজন হিসাবে ট্যাগ করুন!
Thư viện lưu trữ: Trung tâm Học liệu Trường Đại học Cần Thơ
LEADER 00486nam a2200181Ia 4500
001 CTU_38540
008 210402s9999 xx 000 0 und d
082 |a 631.62 
082 |b N115 
100 |a G Naber 
245 0 |a Drainage:an annotated guide to books and journals 
245 0 |c G Naber 
260 |a The Netherland 
260 |b ILRI 
260 |c 1984 
650 |a bibliographies,drainage 
904 |i Liên, 990423 
980 |a Trung tâm Học liệu Trường Đại học Cần Thơ